[Event "Texas Collegiate Finals"]
[Site "Brownsville"]
[Date "2023.09.17"]
[Round "3.12"]
[White "Wang, Tianqi"]
[Black "Juksta, Karolis"]
[Result "1/2-1/2"]
[WhiteElo "2339"]
[BlackElo "2383"]
[PlyCount "164"]
[EventDate "2023.09.16"]
[EventType "team-tourn"]
[EventRounds "4"]
[EventCountry "USA"]
[SourceTitle "EXT 2024"]
[Source "ChessBase"]
[SourceDate "2023.10.10"]
[SourceVersion "1"]
[SourceVersionDate "2023.10.10"]
[SourceQuality "1"]
[WhiteTeam "Texas Rio Grande Valley Univ II"]
[BlackTeam "Texas Dallas Univ II"]
[WhiteTeamCountry "USA"]
[BlackTeamCountry "USA"]

1. Nf3 d5 2. c4 e6 3. e3 Nf6 4. b3 c5 5. Bb2 Nc6 6. cxd5 exd5 7. d4 cxd4 8. Nxd4 Bb4+ 9. Bc3 Bxc3+ 10. Nxc3 0-0 11. Be2 Bd7 12. 0-0 Rc8 13. Rc1 Qa5 14. Nf3 Bg4 15. Qd2 Rfd8 16. Nb1 Qxd2 17. Nbxd2 Nb4 18. a3 Na2 19. Ra1 Nc3 20. Bd3 Nfe4 21. Rfc1 Nxd2 22. Nxd2 d4 23. Nc4 b5 24. Ne5 dxe3 25. fxe3 Be6 26. Rc2 Bxb3 27. Rb2 Ba4 28. Bf1 Re8 29. Nf3 Rxe3 30. Nd4 a6 31. Nc2 Bxc2 32. Rxc2 Re5 33. Rd1 Rec5 34. Rd7 R5c7 35. Rd6 Ne4 36. Rxc7 Nxd6 37. Ra7 Kf8 38. Rxa6 Ke7 39. a4 bxa4 40. Rxa4 Rc2 41. Ra7+ Ke6 42. Ra1 h6 43. Re1+ Kd7 44. Rd1 f5 45. Bd3 Rc5 46. Ra1 Ke6 47. Re1+ Kf6 48. Rf1 Rd5 49. Rf3 g5 50. Bc2 Rc5 51. Rf2 h5 52. g3 Nc4 53. Re2 Ne5 54. Kg2 Nc6 55. Rd2 g4 56. Bb3 Rc3 57. Bd1 Ne5 58. Be2 Nf7 59. Ra2 Kg5 60. Ra7 Ne5 61. Ra5 Nf7 62. Rd5 Kf6 63. Bd1 Ng5 64. Rd6+ Kg7 65. Rd5 Kf6 66. Rd6+ Ke5 67. Rh6 Rd3 68. Be2 Rd2 69. Kf1 Nh3 70. Rxh5 Ke4 71. Rh8 Ra2 72. Re8+ Kd4 73. Rd8+ Ke5 74. Re8+ Kf6 75. Rd8 Rb2 76. Rd6+ Ke5 77. Rd1 Ke4 78. Re1 Kd4 79. Ra1 Ke5 80. Re1 Kf6 81. Ra1 Kg5 82. Rc1 Ra2 1/2-1/2

[Event "Texas Collegiate Finals"]
[Site "Brownsville"]
[Date "2023.09.16"]
[Round "2.8"]
[White "Juksta, Karolis"]
[Black "Risteski, Emil"]
[Result "1-0"]
[WhiteElo "2383"]
[BlackElo "2378"]
[PlyCount "76"]
[EventDate "2023.09.16"]
[EventType "team-tourn"]
[EventRounds "4"]
[EventCountry "USA"]
[SourceTitle "EXT 2024"]
[Source "ChessBase"]
[SourceDate "2023.10.10"]
[SourceVersion "1"]
[SourceVersionDate "2023.10.10"]
[SourceQuality "1"]
[WhiteTeam "Texas Dallas Univ II"]
[BlackTeam "Texas Tech Univ"]
[WhiteTeamCountry "USA"]
[BlackTeamCountry "USA"]

1. d4 Nf6 2. c4 g6 3. Nc3 Bg7 4. e4 d6 5. h3 e5 6. d5 a5 7. Be3 Na6 8. Be2 Nc5 9. Qc2 0-0 10. Nf3 Nh5 11. g3 f5 12. 0-0-0 Nf6 13. Nd2 Na6 14. Bg5 c6 15. g4 Nb4 16. Qb3 cxd5 17. cxd5 fxg4 18. hxg4 Qc7 19. f3 Nd7 20. Kb1 Nc5 21. Nb5 Qb8 22. Qe3 Bd7 23. Rc1 Bxb5 24. Bxb5 Rf7 25. Qe2 Qf8 26. Be3 b6 27. Bxc5 bxc5 28. a3 Bh6 29. axb4 Rb8 30. Bc6 Rxb4 31. Rc2 Bxd2 32. Rxd2 Rxf3 33. Qh2 Rf1+ 34. Ka2 Rxh1 35. Qxh1 Qf4 36. Re2 Qxg4 37. Rf2 Kg7 38. Qf1 Qxe4 1-0

[Event "Texas Collegiate Finals"]
[Site "Brownsville"]
[Date "2023.09.16"]
[Round "1.8"]
[White "Rodrigue Lemieux, Shawn"]
[Black "Juksta, Karolis"]
[Result "1/2-1/2"]
[WhiteElo "2485"]
[BlackElo "2383"]
[PlyCount "134"]
[EventDate "2023.09.16"]
[EventType "team-tourn"]
[EventRounds "4"]
[EventCountry "USA"]
[SourceTitle "EXT 2024"]
[Source "ChessBase"]
[SourceDate "2023.10.10"]
[SourceVersion "1"]
[SourceVersionDate "2023.10.10"]
[SourceQuality "1"]
[WhiteTeam "Texas Rio Grande Valley Univ"]
[BlackTeam "Texas Dallas Univ II"]
[WhiteTeamCountry "USA"]
[BlackTeamCountry "USA"]

1. e4 e5 2. Nf3 Nf6 3. Nxe5 d6 4. Nf3 Nxe4 5. d4 d5 6. Bd3 Bd6 7. 0-0 0-0 8. Re1 Bf5 9. c4 c6 10. Nc3 Nxc3 11. bxc3 Bxd3 12. Qxd3 dxc4 13. Qxc4 Nd7 14. Rb1 Qc7 15. Qb3 b5 16. c4 bxc4 17. Qxc4 Rfe8 18. Bd2 Nb6 19. Qa6 Rxe1+ 20. Bxe1 c5 21. Ba5 Rb8 22. Rc1 Qe7 23. g3 h6 24. Qb5 Qd7 25. Qb3 c4 26. Qc2 Rc8 27. Nd2 Ba3 28. Rd1 Qa4 29. Qxa4 Nxa4 30. Nb1 Bb2 31. Rd2 c3 32. Rc2 Rc4 33. Kf1 Rxd4 34. Ke2 Re4+ 35. Kd1 Rd4+ 36. Ke2 Re4+ 37. Kd1 Rc4 38. Ke2 Rc5 39. Bb4 Rb5 40. Bxc3 Nxc3+ 41. Nxc3 Bxc3 42. Rxc3 Rb2+ 43. Kf3 Rxa2 44. Rc8+ Kh7 45. h4 h5 46. Rc7 Kg6 47. Rc6+ f6 48. Rc7 Kh6 49. Rc8 a5 50. Ra8 Kg6 51. Ra7 Ra3+ 52. Kg2 Kh6 53. Ra6 Kg6 54. Ra7 a4 55. Ra5 Ra2 56. Kf3 Kh6 57. Ra6 Ra1 58. Ra5 Ra3+ 59. Kg2 Kg6 60. Ra7 Ra1 61. Kf3 a3 62. Ra5 Kh6 63. Ra6 Kh7 64. Ra5 Kg6 65. Ra7 a2 66. Kf4 Kh6 67. Kf5 Rb1 1/2-1/2

[Event "Barbera del Valles op 45th"]
[Site "Barbera del Valles"]
[Date "2023.07.08"]
[Round "5"]
[White "Juksta, Karolis"]
[Black "Jimenez Garcia, Emanuel"]
[Result "1/2-1/2"]
[WhiteElo "2384"]
[BlackElo "2437"]
[PlyCount "64"]
[EventDate "2023.07.04"]
[EventType "swiss"]
[EventRounds "9"]
[EventCountry "ESP"]
[SourceTitle "CBM 215 Extra"]
[Source "ChessBase"]
[SourceDate "2023.09.30"]
[SourceVersion "1"]
[SourceVersionDate "2023.09.30"]
[SourceQuality "1"]

1. d4 Nf6 2. c4 e6 3. Bf4 Bb4+ 4. Nd2 Nc6 5. a3 Bxd2+ 6. Qxd2 d6 7. Nf3 Qe7 8. Bg5 a5 9. b3 e5 10. d5 Nb8 11. Qc2 Na6 12. e4 h6 13. Bxf6 Qxf6 14. Bd3 0-0 15. 0-0 Qf4 16. Nd2 f5 17. g3 Qg4 18. f3 Qh3 19. exf5 Nc5 20. f6 Rxf6 21. Ne4 Nxe4 22. fxe4 Rxf1+ 23. Rxf1 Qh5 24. Rf2 b6 25. Bf1 Bd7 26. Qe2 Qg6 27. Bg2 Rf8 28. Rxf8+ Kxf8 29. Qe3 Ke7 30. Bf3 h5 31. Kf2 Qf6 32. h4 Bg4 1/2-1/2

[Event "LTU-ch"]
[Site "Kaunas"]
[Date "2023.06.11"]
[Round "7"]
[White "Laurusas, Tomas"]
[Black "Juksta, Karolis"]
[Result "1/2-1/2"]
[WhiteElo "2548"]
[BlackElo "2377"]
[PlyCount "29"]
[EventDate "2023.06.06"]
[EventType "tourn"]
[EventRounds "9"]
[EventCountry "LTU"]
[EventCategory "8"]
[SourceTitle "CBM 214 Extra"]
[Source "ChessBase"]
[SourceDate "2023.07.31"]
[SourceVersion "1"]
[SourceVersionDate "2023.07.31"]
[SourceQuality "1"]

1. d4 d5 2. c4 e6 3. Nc3 Nf6 4. cxd5 Nxd5 5. Nf3 c5 6. e3 cxd4 7. exd4 Nxc3 8. bxc3 Qc7 9. Bd2 Nd7 10. a4 b6 11. a5 Bb7 12. Bb5 Bd6 13. 0-0 0-0 14. h3 Nf6 15. axb6 1/2-1/2

[Event "LTU-ch"]
[Site "Kaunas"]
[Date "2023.06.10"]
[Round "6"]
[White "Juksta, Karolis"]
[Black "Indriunas, Matas"]
[Result "1-0"]
[WhiteElo "2377"]
[BlackElo "2259"]
[PlyCount "117"]
[EventDate "2023.06.06"]
[EventType "tourn"]
[EventRounds "9"]
[EventCountry "LTU"]
[EventCategory "8"]
[SourceTitle "CBM 214 Extra"]
[Source "ChessBase"]
[SourceDate "2023.07.31"]
[SourceVersion "1"]
[SourceVersionDate "2023.07.31"]
[SourceQuality "1"]

1. d4 Nf6 2. c4 g6 3. Nc3 d5 4. cxd5 Nxd5 5. e4 Nxc3 6. bxc3 Bg7 7. Nf3 c5 8. h3 0-0 9. Be2 cxd4 10. cxd4 Nc6 11. Be3 Qa5+ 12. Bd2 Qa3 13. d5 Ne5 14. 0-0 Bd7 15. Rb1 Qxa2 16. Rxb7 Rab8 17. Qb1 Nxf3+ 18. Bxf3 Qxb1 19. Rfxb1 Be5 20. Be2 Ba4 21. Bd3 e6 22. Rxa7 Rxb1+ 23. Bxb1 Rb8 24. Ba2 Bb3 25. Kf1 Bxa2 26. Rxa2 exd5 27. exd5 Kf8 28. Ke2 Rb5 29. Ra5 Rb3 30. Be3 Bd6 31. Ra8+ Ke7 32. Bg5+ Kd7 33. Ra7+ Ke8 34. Ra8+ Rb8 35. Rxb8+ Bxb8 36. g4 Kd7 37. Kf3 Bd6 38. Ke4 Bc7 39. Bf6 Bb6 40. Bd4 Bc7 41. f3 Bd6 42. Be5 Bc5 43. Kf4 Be7 44. Bc3 Bd8 45. Ke5 Be7 46. Ba5 Bh4 47. Bb4 Bd8 48. Bf8 Bh4 49. Bb4 Bd8 50. Be1 Be7 51. Bd2 h5 52. gxh5 gxh5 53. Kf5 Bd8 54. Bb4 Bh4 55. Bf8 Bd8 56. d6 Bh4 57. Be7 Bxe7 58. dxe7 Kxe7 59. h4 1-0

[Event "LTU-ch"]
[Site "Kaunas"]
[Date "2023.06.09"]
[Round "5"]
[White "Vedrickas, Tautvydas"]
[Black "Juksta, Karolis"]
[Result "1/2-1/2"]
[WhiteElo "2354"]
[BlackElo "2377"]
[PlyCount "46"]
[EventDate "2023.06.06"]
[EventType "tourn"]
[EventRounds "9"]
[EventCountry "LTU"]
[EventCategory "8"]
[SourceTitle "CBM 214 Extra"]
[Source "ChessBase"]
[SourceDate "2023.07.31"]
[SourceVersion "1"]
[SourceVersionDate "2023.07.31"]
[SourceQuality "1"]

1. d4 d5 2. c4 e6 3. Nc3 Nf6 4. cxd5 exd5 5. Bg5 Be7 6. e3 0-0 7. Bd3 h6 8. Bh4 Re8 9. Nge2 c6 10. 0-0 Nbd7 11. f3 b5 12. Qd2 a6 13. Rad1 Bb7 14. Bb1 c5 15. dxc5 Bxc5 16. Nd4 Rc8 17. Nce2 Qe7 18. Bf2 Bb4 19. Nf5 Qf8 20. Qd4 Rc4 21. Qa7 Rc7 22. Qd4 Rc4 23. Qa7 Rc7 1/2-1/2

[Event "LTU-ch"]
[Site "Kaunas"]
[Date "2023.06.07"]
[Round "2"]
[White "Juksta, Karolis"]
[Black "Sulskis, Sarunas"]
[Result "1/2-1/2"]
[WhiteElo "2377"]
[BlackElo "2497"]
[PlyCount "162"]
[EventDate "2023.06.06"]
[EventType "tourn"]
[EventRounds "9"]
[EventCountry "LTU"]
[EventCategory "8"]
[SourceTitle "CBM 214 Extra"]
[Source "ChessBase"]
[SourceDate "2023.07.31"]
[SourceVersion "1"]
[SourceVersionDate "2023.07.31"]
[SourceQuality "1"]

1. d4 d5 2. c4 e6 3. Nc3 c6 4. Nf3 dxc4 5. e3 b5 6. a4 Bb4 7. Bd2 Bb7 8. axb5 Bxc3 9. Bxc3 cxb5 10. b3 a5 11. bxc4 b4 12. Bb2 Nf6 13. Bd3 0-0 14. 0-0 Nbd7 15. Nd2 Nc5 16. Bc2 Nce4 17. f3 Nxd2 18. Qxd2 Qe7 19. e4 Rfc8 20. c5 e5 21. dxe5 Qxc5+ 22. Rf2 Rd8 23. Qc1 Nd7 24. Bb3 Qxc1+ 25. Rxc1 a4 26. Rc7 axb3 27. Rxb7 Nc5 28. Rxb4 Nd3 29. Rxb3 Nxf2 30. Kxf2 Rd2+ 31. Kg3 h6 32. Ba3 Ra6 33. Kh3 Rg6 34. g3 Rc6 35. Bb4 Rf2 36. Bd6 Kh7 37. Kg4 Rxh2 38. f4 h5+ 39. Kg5 Rh3 40. Ra3 Rb6 41. f5 Rc6 42. Rd3 Rc4 43. Re3 Rc6 44. Rd3 Rc4 45. Re3 Rh1 46. e6 f6+ 47. Kf4 Rf1+ 48. Rf3 Re1 49. Re3 Rd1 50. e7 Rf1+ 51. Rf3 Rxf3+ 52. Kxf3 Rc8 53. e5 fxe5 54. Bxe5 Kg8 55. f6 g5 56. Ke4 Kf7 57. Bd4 h4 58. gxh4 gxh4 59. Kf3 Rg8 60. Be5 h3 61. Kf2 Rg6 62. Kf1 Rg2 63. Bf4 Rg4 64. Bd6 Rd4 65. Bh2 Rd2 66. Kg1 Re2 67. Bd6 Kxf6 68. Kh1 Kg5 69. Kg1 Kg4 70. Kh1 Kf3 71. Kg1 Re1+ 72. Kh2 Re6 73. Kh1 Re2 74. Kg1 h2+ 75. Kh1 Kg4 76. Bxh2 Rxe7 77. Kg2 Re2+ 78. Kh1 Rd2 79. Bg1 Kg3 80. Bb6 Rc2 81. Bg1 Rc1 1/2-1/2

[Event "Pan American Intercollegiate-chT"]
[Site "Seattle"]
[Date "2023.01.07"]
[Round "4"]
[White "Shundi, Matias"]
[Black "Juksta, Karolis"]
[Result "1/2-1/2"]
[WhiteElo "2115"]
[BlackElo "2379"]
[PlyCount "27"]
[EventDate "2023.01.05"]
[EventType "team-swiss"]
[EventRounds "6"]
[EventCountry "USA"]
[SourceTitle "CBM 212 Extra"]
[Source "ChessBase"]
[SourceDate "2023.03.31"]
[SourceVersion "1"]
[SourceVersionDate "2023.03.31"]
[SourceQuality "1"]
[WhiteTeam "Stanford"]
[BlackTeam "Texas Dallas Univ II"]
[WhiteTeamCountry "USA"]
[BlackTeamCountry "USA"]

1. e4 e6 2. d4 d5 3. Nc3 Nf6 4. e5 Nfd7 5. f4 c5 6. Nf3 Nc6 7. Be3 Be7 8. Qd2 0-0 9. h4 f6 10. exf6 Nxf6 11. dxc5 Qa5 12. 0-0-0 Ng4 13. Bg1 Bxc5 14. Bxc5 1/2-1/2

[Event "Chesterfield SPICE Cup op"]
[Site "Chesterfield"]
[Date "2022.12.23"]
[Round "9"]
[White "Putnam, Liam H"]
[Black "Juksta, Karolis"]
[Result "1-0"]
[WhiteElo "2229"]
[BlackElo "2398"]
[PlyCount "93"]
[EventDate "2022.12.18"]
[EventType "swiss"]
[EventRounds "9"]
[EventCountry "USA"]
[SourceTitle "CBM 212 Extra"]
[Source "ChessBase"]
[SourceDate "2023.03.31"]
[SourceVersion "1"]
[SourceVersionDate "2023.03.31"]
[SourceQuality "1"]

1. d4 e6 2. c4 f5 3. Nf3 Nf6 4. g3 d5 5. cxd5 exd5 6. Bf4 Be7 7. Bg2 0-0 8. 0-0 c6 9. Nc3 Nh5 10. Bd2 Nd7 11. Rb1 Bd6 12. b4 a6 13. a4 Nhf6 14. b5 axb5 15. axb5 Ne4 16. Qc2 Nxd2 17. Nxd2 Nf6 18. bxc6 bxc6 19. Na4 Ra6 20. e3 Ne4 21. Nc5 Nxc5 22. dxc5 Be7 23. Rfd1 Bf6 24. Nb3 Qe7 25. Nd4 Bxd4 26. exd4 f4 27. Re1 Qf6 28. Qd2 Ra4 29. Re5 Ba6 30. Bh3 Qh6 31. Be6+ Kh8 32. Rf5 g6 33. Rxf4 Rxf4 34. gxf4 Bb5 35. Qe3 Qh5 36. Bd7 Ra8 37. Qe7 Qh6 38. Bxc6 Qxf4 39. Bxd5 Re8 40. Qf7 Qxd4 41. c6 Rc8 42. Re1 Ba4 43. Re8+ Rxe8 44. Qxe8+ Kg7 45. Qe7+ Kh6 46. Qe3+ Qxe3 47. fxe3 1-0

[Event "Chesterfield SPICE Cup op"]
[Site "Chesterfield"]
[Date "2022.12.22"]
[Round "8"]
[White "Juksta, Karolis"]
[Black "Marjanovic, Annamaria"]
[Result "1/2-1/2"]
[WhiteElo "2398"]
[BlackElo "2312"]
[PlyCount "49"]
[EventDate "2022.12.18"]
[EventType "swiss"]
[EventRounds "9"]
[EventCountry "USA"]
[SourceTitle "CBM 212 Extra"]
[Source "ChessBase"]
[SourceDate "2023.03.31"]
[SourceVersion "1"]
[SourceVersionDate "2023.03.31"]
[SourceQuality "1"]

1. d4 d5 2. c4 e6 3. Nc3 Nf6 4. cxd5 Nxd5 5. Nf3 c5 6. g3 Nxc3 7. bxc3 cxd4 8. cxd4 Bb4+ 9. Bd2 Bxd2+ 10. Qxd2 b6 11. Bg2 Bb7 12. 0-0 0-0 13. a4 Nd7 14. a5 h6 15. Rfc1 Rc8 16. Qb4 Rxc1+ 17. Rxc1 Qb8 18. axb6 axb6 19. Nd2 Bxg2 20. Kxg2 Rc8 21. Rxc8+ Qxc8 22. Qb5 Qc2 23. Qxd7 Qxd2 24. e3 Qb4 25. h4 1/2-1/2

[Event "Olympiad-44"]
[Site "Chennai"]
[Date "2022.08.08"]
[Round "10.2"]
[White "Juksta, Karolis"]
[Black "Fressinet, Laurent"]
[Result "0-1"]
[WhiteElo "2412"]
[BlackElo "2631"]
[PlyCount "86"]
[EventDate "2022.07.29"]
[EventType "team-swiss"]
[EventRounds "11"]
[EventCountry "IND"]
[SourceTitle "CBM 210"]
[Source "ChessBase"]
[SourceDate "2022.10.31"]
[SourceVersion "1"]
[SourceVersionDate "2022.10.31"]
[SourceQuality "1"]
[WhiteTeam "Lithuania"]
[BlackTeam "France"]
[WhiteTeamCountry "LTU"]
[BlackTeamCountry "FRA"]

1. d4 Nf6 2. c4 e6 3. Nc3 Bb4 4. a3 Bxc3+ 5. bxc3 c5 6. f3 d5 7. cxd5 Nxd5 8. dxc5 Qa5 9. e4 Ne7 10. Be3 0-0 11. Qb3 Qc7 12. Nh3 Nec6 13. Be2 Na5 14. Qb2 e5 15. Nf2 Be6 16. 0-0 Nd7 17. Qb4 Nb3 18. Rab1 Nbxc5 19. Nd3 b6 20. Nxc5 Nxc5 21. Bxc5 bxc5 22. Qb7 Qa5 23. Rfc1 c4 24. a4 h6 25. Kf1 Rad8 26. Qb4 Qc7 27. Qb7 Qc5 28. Qb5 Qe3 29. Rc2 Qf4 30. Kg1 Rc8 31. Rd1 h5 32. Qb1 Rfd8 33. Rxd8+ Rxd8 34. Qe1 h4 35. Qf2 Rd2 36. Rxd2 Qxd2 37. Bf1 Qxc3 38. Qxa7 Qd2 39. Qb8+ Kh7 40. Qb1 c3 41. Bd3 h3 42. Qc2 Qe1+ 43. Bf1 Bc4 0-1

[Event "Olympiad-44"]
[Site "Chennai"]
[Date "2022.08.01"]
[Round "4.2"]
[White "Markov, Mikhail2222"]
[Black "Juksta, Karolis"]
[Result "1/2-1/2"]
[WhiteElo "2333"]
[BlackElo "2412"]
[PlyCount "100"]
[EventDate "2022.07.29"]
[EventType "team-swiss"]
[EventRounds "11"]
[EventCountry "IND"]
[SourceTitle "CBM 210"]
[Source "ChessBase"]
[SourceDate "2022.10.31"]
[SourceVersion "1"]
[SourceVersionDate "2022.10.31"]
[SourceQuality "1"]
[WhiteTeam "Kyrgyzstan"]
[BlackTeam "Lithuania"]
[WhiteTeamCountry "KGZ"]
[BlackTeamCountry "LTU"]

1. d4 d5 2. Bf4 Nf6 3. e3 c5 4. c3 Nc6 5. Nf3 Nh5 6. dxc5 Nxf4 7. exf4 e6 8. b4 Qf6 9. Bb5 Qxf4 10. 0-0 Be7 11. Qd4 Qxd4 12. cxd4 a5 13. bxa5 Rxa5 14. a4 Bd7 15. Nbd2 f6 16. Nb3 Ra7 17. Ne1 Kf7 18. Nd3 Rha8 19. f4 h6 20. Rfe1 g5 21. Re2 Bd8 22. g3 Bc8 23. Kg2 Ne7 24. fxg5 hxg5 25. h3 Bc7 26. Nb4 Nf5 27. g4 Nh4+ 28. Kf2 Ng6 29. Re3 Nf4 30. Nd3 b6 31. Nxf4 gxf4 32. Rc3 bxc5 33. Nxc5 Ba5 34. Rc2 Rc7 35. Rac1 Bb6 36. Kf3 e5 37. Nb3 Rxc2 38. Rxc2 Bb7 39. h4 Rc8 40. Rxc8 Bxc8 41. Bc6 Be6 42. a5 Bc7 43. a6 e4+ 44. Kg2 Bb6 45. Nc5 Ke7 46. h5 Bxg4 47. h6 Kf7 48. Bxd5+ Kg6 49. Nxe4 Kxh6 50. Nxf6 Be2 1/2-1/2

[Event "Panevezys op-A"]
[Site "Panevezys"]
[Date "2022.06.27"]
[Round "5"]
[White "De Rover, Yong Hoon"]
[Black "Juksta, Karolis"]
[Result "0-1"]
[WhiteElo "2359"]
[BlackElo "2412"]
[PlyCount "72"]
[EventDate "2022.06.25"]
[EventType "swiss"]
[EventRounds "9"]
[EventCountry "LTU"]
[SourceTitle "CBM 209 Extra"]
[Source "ChessBase"]
[SourceDate "2022.09.30"]
[SourceVersion "1"]
[SourceVersionDate "2022.09.30"]
[SourceQuality "1"]

1. e4 e6 2. d4 d5 3. Nc3 Nf6 4. e5 Nfd7 5. f4 c5 6. Nf3 Nc6 7. Be3 a6 8. Qd2 Be7 9. dxc5 Nxc5 10. 0-0-0 Qa5 11. Kb1 b5 12. Nd4 Bb7 13. Bd3 Nxd3 14. cxd3 Nxd4 15. Bxd4 b4 16. Ne2 0-0 17. g4 Qa4 18. f5 Rfc8 19. b3 Qb5 20. f6 Bf8 21. Nf4 a5 22. fxg7 Be7 23. Nh5 a4 24. Rhf1 axb3 25. Qf4 bxa2+ 26. Ka1 Qe8 27. Rf2 Ba6 28. Qe3 Qb5 29. Rxf7 Kxf7 30. Qh6 Qc6 31. Rf1+ Kg8 32. Nf6+ Bxf6 33. exf6 Ra7 34. Qd2 Rf7 35. g5 Qc2 36. Qxb4 Bxd3 0-1

[Event "Panevezys op-A"]
[Site "Panevezys"]
[Date "2022.06.26"]
[Round "2"]
[White "Juksta, Karolis"]
[Black "Starostits, Ilmars"]
[Result "1/2-1/2"]
[WhiteElo "2412"]
[BlackElo "2441"]
[PlyCount "28"]
[EventDate "2022.06.25"]
[EventType "swiss"]
[EventRounds "9"]
[EventCountry "LTU"]
[SourceTitle "CBM 209 Extra"]
[Source "ChessBase"]
[SourceDate "2022.09.30"]
[SourceVersion "1"]
[SourceVersionDate "2022.09.30"]
[SourceQuality "1"]

1. d4 d5 2. c4 dxc4 3. e4 Nc6 4. Nf3 Bg4 5. d5 Ne5 6. Nc3 a6 7. h3 Nxf3+ 8. gxf3 Bh5 9. Bxc4 e5 10. dxe6 Qxd1+ 11. Kxd1 Bxf3+ 12. Kc2 fxe6 13. Rg1 Kf7 14. Rg3 Bh5 1/2-1/2

[Event "Panevezys op-A"]
[Site "Panevezys"]
[Date "2022.06.25"]
[Round "1"]
[White "Martynkova, Olena"]
[Black "Juksta, Karolis"]
[Result "0-1"]
[WhiteElo "2213"]
[BlackElo "2412"]
[PlyCount "88"]
[EventDate "2022.06.25"]
[EventType "swiss"]
[EventRounds "9"]
[EventCountry "LTU"]
[SourceTitle "CBM 209 Extra"]
[Source "ChessBase"]
[SourceDate "2022.09.30"]
[SourceVersion "1"]
[SourceVersionDate "2022.09.30"]
[SourceQuality "1"]

1. d4 e6 2. c4 f5 3. Nf3 Nf6 4. g3 d5 5. Bg2 Bd6 6. 0-0 0-0 7. b3 b6 8. Ne5 Bb7 9. Bb2 Nbd7 10. Na3 c6 11. Nc2 Qc7 12. f4 c5 13. Nxd7 Qxd7 14. Ne3 dxc4 15. Bxb7 Qxb7 16. Nxc4 Rfd8 17. e3 b5 18. Nd2 Rac8 19. Rc1 c4 20. Qe2 Bb4 21. bxc4 Bxd2 22. Qxd2 bxc4 23. Ba3 Ne4 24. Qa5 c3 25. Rb1 Qc6 26. Bc1 Rd7 27. Qb5 Kf7 28. Qxc6 Rxc6 29. Re1 Ra6 30. Re2 Ke7 31. Rc2 Kd6 32. Kf1 Rb6 33. Rxb6+ axb6 34. Ke2 Kd5 35. Kd3 Ra7 36. a3 b5 37. Rg2 h6 38. Re2 g5 39. Rc2 gxf4 40. gxf4 Rg7 41. Re2 Rg1 42. Kc2 Kc4 43. h4 h5 44. Rh2 Rg4 0-1

[Event "LTU-ch"]
[Site "Kaunas"]
[Date "2022.05.27"]
[Round "7"]
[White "Laurusas, Tomas"]
[Black "Juksta, Karolis"]
[Result "1/2-1/2"]
[WhiteElo "2567"]
[BlackElo "2378"]
[PlyCount "79"]
[EventDate "2022.05.22"]
[EventType "tourn"]
[EventRounds "9"]
[EventCountry "LTU"]
[SourceTitle "CBM 208 Extra"]
[Source "ChessBase"]
[SourceDate "2022.07.31"]
[SourceVersion "1"]
[SourceVersionDate "2022.07.31"]
[SourceQuality "1"]

1. c4 e5 2. Nc3 Bb4 3. e4 d6 4. Nge2 Nc6 5. a3 Bxc3 6. dxc3 Nge7 7. Ng3 0-0 8. Bd3 Be6 9. Nf5 Nxf5 10. exf5 e4 11. fxe6 exd3 12. exf7+ Rxf7 13. Qxd3 Qh4 14. 0-0 Ne5 15. Qd5 Qxc4 16. Qxc4 Nxc4 17. Re1 Na5 18. Be3 Nb3 19. Rad1 a5 20. Rd5 b6 21. Kf1 Re7 22. Ke2 Rae8 23. Kd3 Re4 24. Kc2 a4 25. Red1 Kf7 26. Rb5 R8e5 27. Rb4 Rxb4 28. axb4 b5 29. g4 Ke6 30. Rg1 c5 31. g5 cxb4 32. cxb4 Re4 33. g6 Rh4 34. gxh7 Rxh7 35. Rg6+ Kd5 36. Kd3 Rxh2 37. Rxg7 Rh4 38. f4 Rh3 39. Rg1 Ke6 40. Rg6+ 1/2-1/2

[Event "LTU-ch"]
[Site "Kaunas"]
[Date "2022.05.26"]
[Round "6"]
[White "Juksta, Karolis"]
[Black "Stremavicius, Pijus"]
[Result "1/2-1/2"]
[WhiteElo "2378"]
[BlackElo "2337"]
[PlyCount "142"]
[EventDate "2022.05.22"]
[EventType "tourn"]
[EventRounds "9"]
[EventCountry "LTU"]
[SourceTitle "CBM 208 Extra"]
[Source "ChessBase"]
[SourceDate "2022.07.31"]
[SourceVersion "1"]
[SourceVersionDate "2022.07.31"]
[SourceQuality "1"]

1. c4 e5 2. Nc3 d6 3. Nf3 f5 4. g3 Nf6 5. Bg2 Be7 6. b4 0-0 7. 0-0 Qe8 8. d3 Qh5 9. e3 a5 10. b5 Nbd7 11. a4 Nc5 12. d4 Nce4 13. Qc2 Nxc3 14. Qxc3 e4 15. Nd2 c5 16. dxc5 dxc5 17. Bb2 Rd8 18. Nb3 b6 19. Qc2 Be6 20. Rfd1 Qf7 21. Bf1 Bd6 22. Rd2 Bc7 23. Rad1 Rxd2 24. Nxd2 Rd8 25. Nb1 Rxd1 26. Qxd1 Qd7 27. Qd2 Kf7 28. Bxf6 Qxd2 29. Nxd2 Kxf6 30. h4 Be5 31. f4 exf3 32. Kf2 Bc3 33. Nxf3 h6 34. Bd3 g5 35. Ke2 Be5 36. Kf2 Bd6 37. hxg5+ hxg5 38. Kg2 Bc8 39. Kf2 Bb7 40. Nd2 Bc7 41. Be2 f4 42. gxf4 gxf4 43. Bf3 Bc8 44. Bd5 Bf5 45. Be4 Be6 46. Ke2 Ke5 47. Kd3 Bh3 48. Nf3+ Kf6 49. Ke2 Be5 50. Bh7 fxe3 51. Kxe3 Bc3 52. Bc2 Bb2 53. Be4 Bf1 54. Bd3 Bh3 55. Kd2 Bg4 56. Be4 Kg7 57. Kc2 Bf6 58. Kd3 Kh6 59. Ke3 Bg5+ 60. Kd3 Bh3 61. Ke2 Bf6 62. Ke3 Kh5 63. Bd3 Kg4 64. Ke4 Kg3 65. Ne5 Kf2 66. Kd5 Ke3 67. Be4 Kd2 68. Kc6 Bxe5 69. Kxb6 Kc3 70. Kxc5 Bd4+ 71. Kd5 Bf1 1/2-1/2

[Event "LTU-ch"]
[Site "Kaunas"]
[Date "2022.05.23"]
[Round "2"]
[White "Juksta, Karolis"]
[Black "Sulskis, Sarunas"]
[Result "1-0"]
[WhiteElo "2378"]
[BlackElo "2509"]
[PlyCount "147"]
[EventDate "2022.05.22"]
[EventType "tourn"]
[EventRounds "9"]
[EventCountry "LTU"]
[SourceTitle "CBM 208 Extra"]
[Source "ChessBase"]
[SourceDate "2022.07.31"]
[SourceVersion "1"]
[SourceVersionDate "2022.07.31"]
[SourceQuality "1"]

1. c4 Nf6 2. Nc3 c5 3. Nf3 Nc6 4. d4 cxd4 5. Nxd4 e6 6. g3 Qb6 7. Nb3 Ne5 8. e4 Bb4 9. Qe2 d6 10. Bd2 a5 11. 0-0-0 a4 12. Na1 Bd7 13. f4 Nc6 14. Nc2 e5 15. Be3 Qa5 16. Nxb4 Nxb4 17. Rxd6 a3 18. b3 Bg4 19. Qd2 Bf3 20. Bg2 Bxg2 21. Qxg2 0-0 22. Bb6 Nd3+ 23. Kc2 Qb4 24. Bc7 Rfc8 25. Rxd3 Rxc7 26. fxe5 Ng4 27. Qd2 Rf8 28. Qf4 Rxc4 29. Qxg4 h5 30. Qf3 Rcc8 31. Kb1 Qc5 32. Rc1 Rfd8 33. Rxd8+ Rxd8 34. Nd5 Qd4 35. Qe2 Qxe5 36. Nc3 h4 37. gxh4 Qf4 38. Nd5 Qe5 39. Nc3 Rc8 40. Qd3 Qxh2 41. Ne2 Re8 42. Rg1 Qxh4 43. Qd4 Qxe4+ 44. Qxe4 Rxe4 45. Nc3 Re5 46. Kc2 f5 47. Kd3 Kf7 48. Kd4 Re8 49. b4 Rh8 50. b5 Rh2 51. Ke5 Rc2 52. Rg3 g6 53. Rd3 Kg7 54. Rd7+ Kh6 55. Rc7 b6 56. Rc6 Kh5 57. Kf4 Rf2+ 58. Ke3 Rb2 59. Rxb6 g5 60. Kf3 g4+ 61. Kf4 Rf2+ 62. Ke3 g3 63. Ne2 Kg5 64. Rb8 f4+ 65. Kd3 f3 66. Rg8+ Kf6 67. Nxg3 Rxa2 68. Rf8+ Ke6 69. Rxf3 Rg2 70. Ne2 a2 71. Rf1 Kd6 72. Ra1 Rg5 73. Nc3 Rg3+ 74. Kc4 1-0